|
|
|
|
| LEADER |
01337nam a2200265 a 4500 |
| 001 |
GR-Patra36986 |
| 008 |
121024s2009 gr g b 00 0 gre d |
| 020 |
|
|
|a 9789603999720
|
| 082 |
|
0 |
|a 616.07
|2 23
|
| 245 |
0 |
0 |
|a Παθολογική φυσιολογία /
|c Παθολογική φυσιολογία Ιατρικού τμήματος Πανεπιστημίου Αθηνών ; επιμέλεια έκδοσης: Αριστομένης Φερτάκης.
|
| 260 |
|
|
|a Αθήνα :
|b Π. Χ. Πασχαλίδης,
|c c2009
|
| 300 |
|
|
|c εικ. ;
|c 24 εκ.
|
| 500 |
|
|
|a (τόμος Α+Β)
|
| 504 |
|
|
|a Περιλαμβάνει βιβλιογραφικές αναφορές
|
| 650 |
|
0 |
|a Pathology
|
| 650 |
|
0 |
|a Physiology, Pathological
|
| 650 |
|
4 |
|a Παθολογία
|
| 650 |
|
4 |
|a Φυσιολογία, Παθολογική
|
| 700 |
1 |
|
|a Φερτάκης, Αριστομένης
|
| 710 |
0 |
|
|a Πανεπιστήμιο Αθηνών.
|b Ιατρικό Τμήμα..
|b Παθολογική Φυσιολογία
|
| 710 |
0 |
|
|a Πασχαλίδης.
|b Π. Χ.
|
| 942 |
|
|
|2 ddc
|
| 952 |
|
|
|0 0
|1 0
|2 ddc
|4 0
|6 616_070000000000000_ΠΑΘ
|7 1
|9 317225
|a LISK
|b LISK
|c BSC
|d 2021-01-17
|e 24
|f 0
|g 0.00
|l 0
|o 616.07 ΠΑΘ
|p 92410059723
|r 2021-01-17 00:00:00
|t 1
|w 2021-01-17
|y BKN
|x 20140812 0 0
|x GrPaTEI
|
| 971 |
|
|
|a .b26845581
|b 16-04-20
|c 27-09-16
|
| 999 |
|
|
|c 180536
|d 180536
|